Central Library OPAC University of Rajshahi

প্রোটোকল বিভ্রাট = The protocol illusion / (Record no. 48040)

MARC details
000 -LEADER
fixed length control field 01005nam a22002417a 4500
001 - CONTROL NUMBER
control field 48040
003 - CONTROL NUMBER IDENTIFIER
rucl marc code BD-RjUL
005 - DATE AND TIME OF LATEST TRANSACTION
control field 20211209054439.0
008 - FIXED-LENGTH DATA ELEMENTS--GENERAL INFORMATION
fixed length control field 160811s2000 bg ||||| |||| 00| 0 ben d
020 ## - INTERNATIONAL STANDARD BOOK NUMBER
Terms of availability : TK 50.00
035 ## - SYSTEM CONTROL NUMBER
System control number (BD-RjUL)48159
040 ## - CATALOGING SOURCE
Original cataloging agency BD-RjUL
Language of cataloging ben
Transcribing agency BD-RjUL
041 ## - LANGUAGE CODE
Language code of text/sound track or separate title ben
082 ## - DEWEY DECIMAL CLASSIFICATION NUMBER
Edition number 23
Classification number 891.443
Author mark and year ALP 1994-2012
100 1# - MAIN ENTRY--PERSONAL NAME
Personal name আলী, মোঃ নওসাদ
9 (RLIN) 120166
245 14 - TITLE STATEMENT
Title প্রোটোকল বিভ্রাট = The protocol illusion /
Statement of responsibility, etc. মোঃ নওসাদ আলী
260 ## - PUBLICATION, DISTRIBUTION, ETC. (IMPRINT)
Place of publication, distribution, etc. রাজশাহী :
Name of publisher, distributor, etc. ফাহিমা রহমান বিউটি,
Date of publication, distribution, etc. ২০০০-২০১২
300 ## - PHYSICAL DESCRIPTION
Pagination খণ্ড ;
Size ২১ সেমি.
505 ## - FORMATTED CONTENTS NOTE
Formatted contents note খণ্ড ১-- খণ্ড ২-- খণ্ড ৩ --- খণ্ড ৪ --- খণ্ড ৫ --- খণ্ড ৬--
650 ## - SUBJECT ADDED ENTRY--TOPICAL TERM
Topical term or geographic name as entry element বাংলা সাহিত্য - কল্পকাহিনী
9 (RLIN) 145671
Topical term or geographic name as entry element Bengali Literature--Fiction
9 (RLIN) 137885
942 ## - ADDED ENTRY ELEMENTS (KOHA)
Source of classification or shelving scheme Dewey Decimal Classification
Koha item type Books
Holdings
Lost status Source of classification or shelving scheme Damaged status Not for loan Collection code Permanent Location Current Location Shelving location Date acquired Total Checkouts Full call number Date last seen Date checked out Copy number Koha item type Source of acquisition Cost, normal purchase price Checked out
  Dewey Decimal Classification     Fiction Central Library, University of Rajshahi Central Library, University of Rajshahi   21/01/2006 1 B 891.443 ALP V-2 2000 17/01/2019 16/01/2019 C-2 Books      
  Dewey Decimal Classification     Fiction Central Library, University of Rajshahi Central Library, University of Rajshahi   12/12/1999 1 B 891.443 ALP V-1 2000 20/01/2019 17/01/2019 C-2 Books      
  Dewey Decimal Classification     Fiction Central Library, University of Rajshahi Central Library, University of Rajshahi   17/09/2012 4 B 891.443 ALP V-6 2012 17/12/2021 17/12/2021 C-2 Books Author, Rajshahi 120.00 01/11/2021
  Dewey Decimal Classification     Fiction Central Library, University of Rajshahi Central Library, University of Rajshahi   18/09/2012 2 B 891.443 ALP V-5 2007 14/01/2019 13/01/2019 C-2 Books Author, Rajshahi 100.00  
  Dewey Decimal Classification     Fiction Central Library, University of Rajshahi Central Library, University of Rajshahi   21/01/2006 1 B 891.443 ALP V-4 2004 13/01/2019 10/01/2019 C-2 Books      
  Dewey Decimal Classification     Fiction Central Library, University of Rajshahi Central Library, University of Rajshahi   21/01/2006 1 B 891.443 ALP V-3 2003 17/01/2019 16/01/2019 C-2 Books      
  Dewey Decimal Classification     Fiction Central Library, University of Rajshahi Central Library, University of Rajshahi   01/01/2003   B 891.443 ALP V-3 2003 11/08/2016   C-3 Books      
  Dewey Decimal Classification     Fiction Central Library, University of Rajshahi Central Library, University of Rajshahi   12/12/1999   B 891.443 ALP V-1 1994 21/09/2016   C-3 Books      
  Dewey Decimal Classification   Not For Loan Fiction Central Library, University of Rajshahi Central Library, University of Rajshahi Reading Room 01/01/2004   B 891.443 ALP V-3 2003 31/01/2017   C-1 Books      
  Dewey Decimal Classification   Not For Loan Fiction Central Library, University of Rajshahi Central Library, University of Rajshahi Reading Room 21/01/2006   B 891.443 ALP V-4 2004 31/01/2017   C-1 Books      
  Dewey Decimal Classification   Not For Loan Fiction Central Library, University of Rajshahi Central Library, University of Rajshahi Reading Room 21/01/2006   B 891.443 ALP V-5 2007 31/01/2017   C-1 Books      
  Dewey Decimal Classification   Not For Loan Fiction Central Library, University of Rajshahi Central Library, University of Rajshahi Reading Room 21/01/2006   B 891.443 ALP V-2 1994 31/01/2017   C-1 Books      
  Dewey Decimal Classification   Not For Loan Fiction Central Library, University of Rajshahi Central Library, University of Rajshahi Reading Room 17/09/2012   B 891.443 ALP V-6 2012 02/02/2017   C-1 Books Lekhok, Rajshahi 120.00